Statistics for Otto von Bismarck Multiple Choice Quiz

Click here to take the quiz!

General Stats

  • This quiz has been taken 211 times
  • The average score is 9 of 14

Answer Stats

QuestionAnswer% Correct
What was Bismarck's nickname?Iron Chancellor
93%
What did Germany introduce as the first nation in the world?National health insurance
81%
Which state did he hail from?Prussia
81%
This means of transportation used in WWI was named in honor of the statesman.a battleship
71%
What was his relationship with Wilhelm II.?They despised each other
71%
The founding of the German Empire coincided with the military victory over which country?France
70%
Which word is often used to describe his style of governing?Realpolitik
63%
What was Bismarck's main goal with regards to foreign policy?Maintain stability and peace
60%
Which rising party was his main political enemy?Social Democrats
59%
Bismarck's "Kulturkampf" policies were directed against which religious group?Catholics
58%
What is the name of the type of helmet worn by Bismarck?Pickelhaube
56%
What was his stance on colonies?He largely regarded them as a waste
51%
A city named for Bismarck is the capital of which US state?North Dakota
45%
Which of these quotes is NOT attributed to Bismarck?Banking establishments are more dangerous than standing armies.
35%

Score Distribution

Percentile by Number Answered

Percent of People with Each Score

Your Score History

You have not taken this quiz